000 01245nam0a2200325 4500
001 RU\NLR\bibl\939127
005 20260406121635.0
010 _a5-94278-607-0
_93000
021 _aRU
_b2006-16030
_9788
035 _a(NLR Aleph) 000927315
090 _a137714
_c137714
100 _a20060426d2006 |||y0rusy50 ca
101 0 _arus
102 _aRU
105 _ay |||||||||
200 1 _aКнига для таких, как я
_e[записки вымышленного существа: избранные эссе, дзуйхицу и прочие танцы на полях]
_fМакс Фрай
210 _aСанкт-Петербург
_cАмфора
_d2006
215 _a476, [2] с.
_d22
225 1 _aФРАМ
300 _aНа обл. загл. сер.: Макс Фрай + Амфора = ФРАМ
327 1 _aСодерж.: Macht Frei; Идеальный роман; Азбука современного русского искусства
686 _aШ6(2=Р)75-4
700 1 _4070
_7ca
_8rus
_aФрай
_bМ.
_gМакс
_9110624
_3RU\NLR\auth\77578
801 0 _aRU
_bNLR
_c20041222
_gPSBO
801 1 _aRU
_bNLR
_c20041222
942 _cBOOK
980 _aNB